| 000 | 00560nam a22001697a 4500 | ||
|---|---|---|---|
| 005 | 20251108172251.0 | ||
| 008 | 250721s2000 xx 000 0 ara d | ||
| 082 | 1 | 4 | _a337.1/خضي |
| 100 | 1 | _aالخضيري، محسن أحمد | |
| 245 | 1 | 0 |
_aالعولمة : _bمقدمة في فكر و إقتصاد و إدارة عصر اللادولة / |
| 264 | 1 |
_aالقاهرة : _bمجموعة النيل العربية، _c2000. |
|
| 300 | _a247ص | ||
| 650 | 1 | 7 | _aالعولمة |
| 650 | 1 | 7 | _aالإقتصاد الدولي |
| 942 |
_2ddc _cBK |
||
| 999 |
_c74658 _d74658 |
||